[Event "Zeleny Shum-C"]
[Site "Zeleny Shum"]
[Date "2000.??.??"]
[Round "8"]
[White "Igriashvili, Zurab"]
[Black "Perun, Sergey"]
[Result "1-0"]
[WhiteElo "2459"]
[BlackElo "2403"]
[PlyCount "55"]
[EventDate "2000.??.??"]
[EventType "tourn"]
[EventRounds "11"]
[EventCountry "RUS"]
[EventCategory "3"]
[SourceTitle "EXT 2006"]
[Source "ChessBase"]
[SourceDate "2005.11.24"]
[SourceVersion "1"]
[SourceVersionDate "2005.11.24"]
[SourceQuality "1"]

1. e4 c5 2. Nf3 e6 3. Nc3 d6 4. d4 cxd4 5. Nxd4 a6 6. Be3 b5 7. Bd3 Bb7 8. a3 Nd7 9. f4 Ngf6 10. 0-0 Qc7 11. Qf3 Nc5 12. Rae1 Be7 13. Bf2 0-0 14. Qh3 d5 15. e5 Nfe4 16. Bxe4 dxe4 17. b4 Nd3 18. cxd3 Qxc3 19. dxe4 Qxh3 20. gxh3 Rac8 21. f5 Rc3 22. fxe6 Rxa3 23. Nf5 Bxb4 24. e7 Re8 25. Rd1 Ba5 26. e6 fxe6 27. Bc5 exf5 28. Rxf5 1-0